Convenios y recomendaciones sobre el trabajo marítimo
Furkejuvvon:
| Searvvušdahkki: | |
|---|---|
| Materiálatiipa: | Girji |
| Giella: | espánnjágiella |
| Almmustuhtton: |
Ginebra
OIT
1988
|
| Preanttus: | 2a. ed |
| Fáttát: | |
| Fáddágilkorat: |
Lasit fáddágilkoriid
Eai fáddágilkorat, Lasit vuosttaš fáddágilkora!
|
MARC
| LEADER | 00000nam a2200000 a 4500 | ||
|---|---|---|---|
| 001 | UCV4626 | ||
| 003 | CL-VaPUC | ||
| 008 | 900802e19880000SZ |||||||||||||||||spa|d | ||
| 082 | 0 | 4 | |a 341.763 |b OIT |2 21 |
| 110 | 2 | |a OIT |e author |9 298810 | |
| 245 | 1 | 0 | |a Convenios y recomendaciones sobre el trabajo marítimo |
| 250 | |a 2a. ed | ||
| 300 | |a 241 p | ||
| 942 | |c BK | ||
| 945 | |d 19900802 00:00:00 | ||
| 260 | |a Ginebra |b OIT |c 1988 | ||
| 650 | 7 | |a MARINOS MERCANTES SITUACION LEGAL |2 CL-VaPUC |9 260855 | |
| 650 | 7 | |a ESTIBADORES CONVENCIONES LEGALES |2 CL-VaPUC |9 260856 | |
| 650 | 7 | |a MARINOS MERCANTES MEDIDAS DE SEGURIDAD |2 CL-VaPUC |9 260857 | |
| 583 | |a last modification |c 19900802 00:00:00 |k Rodrigo Vera | ||
| 999 | |c 211352 |d 211350 | ||
| 952 | |0 0 |1 0 |4 0 |6 341_763000000000000_OIT_1988 |7 0 |8 A |9 190456 |a BIBING |b BIBING |d 2019-11-14 |i 2582333 |o 341.763 OIT 1988 |p 2582333 |r 2025-01-20 |w 2019-11-14 |y BK |k TRA | ||